<?xml version="1.0" encoding="UTF-8"?>
<record
    xmlns:xsi="http://www.w3.org/2001/XMLSchema-instance"
    xsi:schemaLocation="http://www.loc.gov/MARC21/slim http://www.loc.gov/standards/marcxml/schema/MARC21slim.xsd"
    xmlns="http://www.loc.gov/MARC21/slim">

  <leader>00748nam a22001697a 4500</leader>
  <datafield tag="999" ind1=" " ind2=" ">
    <subfield code="c">216491</subfield>
    <subfield code="d">216491</subfield>
  </datafield>
  <controlfield tag="005">20260326140238.0</controlfield>
  <controlfield tag="008">260326b           ||||| |||| 00| 0 eng d</controlfield>
  <datafield tag="040" ind1=" " ind2=" ">
    <subfield code="a">LC</subfield>
    <subfield code="c">UNZA</subfield>
    <subfield code="d">UNZA</subfield>
    <subfield code="e">RDA</subfield>
  </datafield>
  <datafield tag="099" ind1=" " ind2=" ">
    <subfield code="a">GOV.ZAM (02) 2023</subfield>
  </datafield>
  <datafield tag="110" ind1=" " ind2=" ">
    <subfield code="a">Zambia Institute for Policy Analysis &amp; Research</subfield>
  </datafield>
  <datafield tag="245" ind1=" " ind2=" ">
    <subfield code="a">Analysis of the 2023 national budget :</subfield>
    <subfield code="b">reinforcing the foundation for inclusive growth and development /</subfield>
    <subfield code="c">Zambia Institute for Policy Analysis &amp; Research</subfield>
  </datafield>
  <datafield tag="260" ind1=" " ind2=" ">
    <subfield code="a">Lusaka :</subfield>
    <subfield code="b">Zambia Institute for Policy Analysis &amp; Research</subfield>
    <subfield code="c">2022.</subfield>
  </datafield>
  <datafield tag="300" ind1=" " ind2=" ">
    <subfield code="a">31 pages :</subfield>
    <subfield code="b">illustrations.</subfield>
  </datafield>
  <datafield tag="650" ind1=" " ind2=" ">
    <subfield code="a"> Budget</subfield>
    <subfield code="x">National budget</subfield>
    <subfield code="z">Zambia.</subfield>
  </datafield>
  <datafield tag="856" ind1=" " ind2=" ">
    <subfield code="u">https://zipar.org.zm/wp-content/uploads/2025/09/Analysis-of-the-2023-National-Budget.pdf</subfield>
  </datafield>
  <datafield tag="942" ind1=" " ind2=" ">
    <subfield code="c">GOV-PUBS</subfield>
  </datafield>
  <datafield tag="952" ind1=" " ind2=" ">
    <subfield code="0">0</subfield>
    <subfield code="1">0</subfield>
    <subfield code="2">lcc</subfield>
    <subfield code="4">0</subfield>
    <subfield code="7">0</subfield>
    <subfield code="a">MAIN</subfield>
    <subfield code="b">MAIN</subfield>
    <subfield code="c">SPECIAL</subfield>
    <subfield code="d">2026-03-26</subfield>
    <subfield code="l">0</subfield>
    <subfield code="o">GOV.ZAM(02) 2022</subfield>
    <subfield code="p">33729006799865</subfield>
    <subfield code="r">2026-03-26 00:00:00</subfield>
    <subfield code="t">C.1</subfield>
    <subfield code="u">https://zipar.org.zm/wp-content/uploads/2025/09/Analysis-of-the-2023-National-Budget.pdf</subfield>
    <subfield code="w">2026-03-26</subfield>
    <subfield code="y">GOV-PUBS</subfield>
  </datafield>
  <datafield tag="952" ind1=" " ind2=" ">
    <subfield code="0">0</subfield>
    <subfield code="1">0</subfield>
    <subfield code="2">lcc</subfield>
    <subfield code="4">0</subfield>
    <subfield code="7">0</subfield>
    <subfield code="a">MAIN</subfield>
    <subfield code="b">MAIN</subfield>
    <subfield code="c">SPECIAL</subfield>
    <subfield code="d">2026-03-26</subfield>
    <subfield code="l">0</subfield>
    <subfield code="o">GOV.ZAM(02) 2022</subfield>
    <subfield code="p">33729006799923</subfield>
    <subfield code="r">2026-03-26 00:00:00</subfield>
    <subfield code="t">C.2</subfield>
    <subfield code="u">https://zipar.org.zm/wp-content/uploads/2025/09/Analysis-of-the-2023-National-Budget.pdf</subfield>
    <subfield code="w">2026-03-26</subfield>
    <subfield code="y">GOV-PUBS</subfield>
  </datafield>
  <datafield tag="952" ind1=" " ind2=" ">
    <subfield code="0">0</subfield>
    <subfield code="1">0</subfield>
    <subfield code="2">lcc</subfield>
    <subfield code="4">0</subfield>
    <subfield code="7">0</subfield>
    <subfield code="a">MAIN</subfield>
    <subfield code="b">MAIN</subfield>
    <subfield code="c">SPECIAL</subfield>
    <subfield code="d">2026-03-26</subfield>
    <subfield code="l">0</subfield>
    <subfield code="o">GOV.ZAM(02) 2022</subfield>
    <subfield code="p">33729006799808</subfield>
    <subfield code="r">2026-03-26 00:00:00</subfield>
    <subfield code="t">C.3</subfield>
    <subfield code="u">https://zipar.org.zm/wp-content/uploads/2025/09/Analysis-of-the-2023-National-Budget.pdf</subfield>
    <subfield code="w">2026-03-26</subfield>
    <subfield code="y">GOV-PUBS</subfield>
  </datafield>
</record>
